000
00278nam a22001337a 4500
008
170208b xxu||||| |||| 00| 0 eng d
020
_a
9780073257761
041
_a
eng
080
_a
61
100
_a
4
101
_a
SHM
245
_a
MEDICAL ASSISTING
_c
BOOTH
942
_2
udc
_c
BK
999
_c
4980
_d
4980